000
00218 a2200097 4500
001
27417
100
_a
Wiberg, D M
245
_a
State space and linear systems
260
_a
_b
McGraw-Hill
_c
1972
090
_c
18211
_d
18211
942
_a
NUST-CAE
_c
9127
_c
M
999
_c
262490
_d
262490